000 00841nam a22002295i 4500
001 152384
003 ES-MaACL
005 20230906204720.0
008 950206q18961900sp a |||| | spa d
040 _aCARM
_bspa
_cCCPB | PA2
100 1 _aBoothby, Guy (
_d1867-1905)
_9126075
245 1 3 _aEl doctor Nikola /
_cnovela escrita en ingles por Guy Boothby ; ilustraciones de Eugenio Alvarez Dumont.
260 _a[Madrid] :
_bBiblioteca de Alrededor del Mundo,
_c19-?]
300 _a72 p. :
_bil. ;
_c27 cm.
490 1 _aBiblioteca de Alrededor del Mundo
596 _aGuido Newell Boothby escribió "El doctor Nikola en 1896"
700 1 _aAlvarez Dumont, Eugenio.
_9125634
830 0 _aBiblioteca de Alrededor del Mundo
_9187712
852 _aES-MaACL
_jG-6060(5)
_z-- Enc. hol.
999 _c152384
_d152384